Nursing fundamentals : (Record no. 1470)

MARC details
000 -LEADER
fixed length control field 01770cam a22004214a 4500
001 - CONTROL NUMBER
control field data
005 - DATE AND TIME OF LATEST TRANSACTION
control field 20260322212102.0
008 - FIXED-LENGTH DATA ELEMENTS--GENERAL INFORMATION
fixed length control field data
035 ## - SYSTEM CONTROL NUMBER
System control number 13292114
010 ## - LIBRARY OF CONGRESS CONTROL NUMBER
LC control number 2003055706
020 ## - INTERNATIONAL STANDARD BOOK NUMBER
International Standard Book Number 0766838366
020 ## - INTERNATIONAL STANDARD BOOK NUMBER
International Standard Book Number 9780766838369
035 ## - SYSTEM CONTROL NUMBER
System control number (DNLM)101186315
040 ## - CATALOGING SOURCE
Original cataloging agency DNLM/DLC
Transcribing agency DLC
Modifying agency DLC
042 ## - AUTHENTICATION CODE
Authentication code pcc
050 00 - LIBRARY OF CONGRESS CALL NUMBER
Classification number RT41
Item number .N873 2004
060 10 - NATIONAL LIBRARY OF MEDICINE CALL NUMBER
Classification number WY 100
Item number N97324 2004
082 00 - DEWEY DECIMAL CLASSIFICATION NUMBER
Classification number 610.73
Edition information 22
245 00 - TITLE STATEMENT
Title Nursing fundamentals :
Remainder of title caring & clinical decision making /
Statement of responsibility, etc. [edited by] Rick Daniels.
260 ## - PUBLICATION, DISTRIBUTION, ETC.
Place of publication, distribution, etc. Clifton Park, NY :
-- Clifton Park, NY :
Name of publisher, distributor, etc. Delmar Learning,
Date of publication, distribution, etc. c2004.
300 ## - PHYSICAL DESCRIPTION
Extent xli, 1589 p. :
Other physical details ill. (some col.) ;
Dimensions 28 cm.
336 ## - CONTENT TYPE
Content type term text
Content type code txt
Source rdacontent
337 ## - MEDIA TYPE
Media type term unmediated
Media type code n
Source rdamedia
338 ## - CARRIER TYPE
Carrier type term volume
Carrier type code nc
Source rdacarrier
504 ## - BIBLIOGRAPHY, ETC. NOTE
Bibliography, etc. note Includes bibliographical references and index.
650 #0 - SUBJECT ADDED ENTRY--TOPICAL TERM
Topical term or geographic name entry element Nursing.
650 #0 - SUBJECT ADDED ENTRY--TOPICAL TERM
Topical term or geographic name entry element Nursing assessment.
650 12 - SUBJECT ADDED ENTRY--TOPICAL TERM
Topical term or geographic name entry element Nursing Care.
650 22 - SUBJECT ADDED ENTRY--TOPICAL TERM
Topical term or geographic name entry element Nursing.
700 1# - ADDED ENTRY--PERSONAL NAME
Personal name Daniels, Rick,
Titles and other words associated with a name RN.
856 42 - ELECTRONIC LOCATION AND ACCESS
Materials specified Contributor biographical information
Uniform Resource Identifier <a href="http://www.loc.gov/catdir/enhancements/fy1514/2003055706-b.html">http://www.loc.gov/catdir/enhancements/fy1514/2003055706-b.html</a>
856 42 - ELECTRONIC LOCATION AND ACCESS
Materials specified Publisher description
Uniform Resource Identifier <a href="http://www.loc.gov/catdir/enhancements/fy1514/2003055706-d.html">http://www.loc.gov/catdir/enhancements/fy1514/2003055706-d.html</a>
856 41 - ELECTRONIC LOCATION AND ACCESS
Materials specified Table of contents only
Uniform Resource Identifier <a href="http://www.loc.gov/catdir/enhancements/fy1514/2003055706-t.html">http://www.loc.gov/catdir/enhancements/fy1514/2003055706-t.html</a>
906 ## - LOCAL DATA ELEMENT F, LDF (RLIN)
a 7
b cbc
c orignew
d 1
e ocip
f 20
g y-gencatlg
925 0# -
-- acquire
-- 1 shelf copy
-- sel off
955 ## - COPY-LEVEL INFORMATION (RLIN)
-- jc18 2003-07-30
-- jc17 2005-01-26 to BCCD per sel off
-- jc09 2004-01-15
-- jc13 2004-01-15 to sel off
-- jc17 2005-01-26 to BCCD per sel off
Holdings
Withdrawn status Lost status Damaged status Not for loan Home library Current library Shelving location Date acquired Total checkouts Full call number Barcode Date last seen Price effective from Koha item type
        Riverside Riverside General stacks 22/03/2026   610.73 LOC-RPL-00017 22/03/2026 22/03/2026 Books